| 000 | 00376nam a22001577a 4500 | ||
|---|---|---|---|
| 003 | SGT | ||
| 020 | _a8125909443 | ||
| 082 | _a338.83,XAV | ||
| 100 | _aXAVIER,M.J | ||
| 245 | _aBEYOND COMPETITION: BUSINESS STRATEGIES FOR THE 21ST CENTURY | ||
| 250 | _a1ST | ||
| 260 |
_aNEW DELHI _bVIKAS PUBLISHING HOUSE _c2000 |
||
| 300 | _a154 | ||
| 650 | _aPRODUCTION | ||
| 942 |
_2ddc _cFCM |
||
| 999 |
_c9528 _d9528 |
||